FAO fisheries report N.427 supp National reports and selected papers presented at the 1st session of the working party on fisheries economics and planning
Đã lưu trong:
| 主要作者: | |
|---|---|
| 格式: | 圖書 |
| 語言: | Undetermined |
| 出版: |
Rome
FAO
1989
|
| 主題: | |
| 標簽: |
添加標簽
沒有標簽, 成為第一個標記此記錄!
|
| Thư viện lưu trữ: | Trung tâm Học liệu Trường Đại học Cần Thơ |
|---|
| LEADER | 00601nam a2200193Ia 4500 | ||
|---|---|---|---|
| 001 | CTU_4179 | ||
| 008 | 210402s9999 xx 000 0 und d | ||
| 082 | |a 639 | ||
| 082 | |b R425/N427 | ||
| 100 | |a WECAFC | ||
| 245 | 0 | |a FAO fisheries report N.427 supp | |
| 245 | 0 | |b National reports and selected papers presented at the 1st session of the working party on fisheries economics and planning | |
| 245 | 0 | |c WECAFC | |
| 260 | |a Rome | ||
| 260 | |b FAO | ||
| 260 | |c 1989 | ||
| 650 | |a fisheries | ||
| 904 | |i Nguyễn Quang Điền, 960530 | ||
| 980 | |a Trung tâm Học liệu Trường Đại học Cần Thơ | ||